Нормирование инструментальной погрешности средств измерения на стадиях проектирования и изготовления: учебное пособие
| 1. Verfasser: | |
|---|---|
| Körperschaft: | |
| Zusammenfassung: | Заглавие с титульного экрана В пособии рассматриваются вопросы расчёта инструментальной погрешности средств измерения на стадии их проектирования и экспериментального нормирования инструментальной погрешности в соответствии с ГОСТ 8.009-84. Излагается порядок экспериментального определения класса точности средств измерения, порядок обработки и представления результатов однократных и многократных прямых, косвенных, совместных и совокупных измерений. Разработано в рамках реализации Инновационной образовательной программы ТПУ по направлению «Неразрушающий контроль» и предназначено для бакалавров и магистров, обучающихся по направлению «Приборостроение» Режим доступа: из корпоративной сети ТПУ |
| Sprache: | Russisch |
| Veröffentlicht: |
Томск, Изд-во ТПУ, 2008
|
| Schlagworte: | |
| Online-Zugang: | http://www.lib.tpu.ru/fulltext2/m/2010/m165.pdf |
| Format: | MixedMaterials Elektronisch Buch |
| KOHA link: | https://koha.lib.tpu.ru/cgi-bin/koha/opac-detail.pl?biblionumber=185003 |
MARC
| LEADER | 00000nlm0a2200000 4500 | ||
|---|---|---|---|
| 001 | 185003 | ||
| 005 | 20231101223903.0 | ||
| 035 | |a (RuTPU)RU\TPU\book\200639 | ||
| 090 | |a 185003 | ||
| 100 | |a 20100929d2008 m y0rusy50 ca | ||
| 101 | 0 | |a rus | |
| 102 | |a RU | ||
| 105 | |a a j 001zy | ||
| 135 | |a drgn ---uucaa | ||
| 181 | 0 | |a i | |
| 182 | 0 | |a b | |
| 200 | 1 | |a Нормирование инструментальной погрешности средств измерения на стадиях проектирования и изготовления |b Электронный ресурс |e учебное пособие |f В. К. Жуков |g Томский политехнический университет (ТПУ) | |
| 203 | |a Текст |c электронный | ||
| 210 | |a Томск |c Изд-во ТПУ |d 2008 | ||
| 230 | |a 1 компьютерный файл (pdf; 3.2 Mb) | ||
| 300 | |a Заглавие с титульного экрана | ||
| 330 | |a В пособии рассматриваются вопросы расчёта инструментальной погрешности средств измерения на стадии их проектирования и экспериментального нормирования инструментальной погрешности в соответствии с ГОСТ 8.009-84. Излагается порядок экспериментального определения класса точности средств измерения, порядок обработки и представления результатов однократных и многократных прямых, косвенных, совместных и совокупных измерений. Разработано в рамках реализации Инновационной образовательной программы ТПУ по направлению «Неразрушающий контроль» и предназначено для бакалавров и магистров, обучающихся по направлению «Приборостроение» | ||
| 333 | |a Режим доступа: из корпоративной сети ТПУ | ||
| 337 | |a Adobe Reader | ||
| 606 | 1 | |a Контрольно-измерительные инструменты и приборы |2 stltpush |3 (RuTPU)RU\TPU\subj\15519 |9 41754 | |
| 610 | 1 | |a технические измерения | |
| 610 | 1 | |a средства измерений | |
| 610 | 1 | |a инструментальная погрешность | |
| 610 | 1 | |a неразрушающий контроль | |
| 610 | 1 | |a приборостроение | |
| 610 | 1 | |a нормирование | |
| 610 | 1 | |a теория вероятностей | |
| 610 | 1 | |a динамические погрешности | |
| 610 | 1 | |a учебные пособия | |
| 610 | 1 | |a труды учёных ТПУ | |
| 610 | 1 | |a электронный ресурс | |
| 675 | |a 681.2(075.8) |v 3 | ||
| 700 | 1 | |a Жуков |b В. К. |g Владимир Константинович | |
| 712 | 0 | 2 | |a Томский политехнический университет (ТПУ) |c (1991-2009) |2 stltpush |3 (RuTPU)RU\TPU\col\376 |
| 801 | 1 | |a RU |b 63413507 |c 20100929 | |
| 801 | 2 | |a RU |b 63413507 |c 20101015 |g RCR | |
| 856 | 4 | |u http://www.lib.tpu.ru/fulltext2/m/2010/m165.pdf | |
| 942 | |c CF | ||